Our energy future : (Record no. 355948)

000 -LEADER
fixed length control field 01359cam a2200373 a 4500
001 - CONTROL NUMBER
control field 15529435
003 - CONTROL NUMBER IDENTIFIER
control field USPCAS-E
005 - DATE AND TIME OF LATEST TRANSACTION
control field 20180118181419.0
008 - FIXED-LENGTH DATA ELEMENTS--GENERAL INFORMATION
fixed length control field 081120s2009 njua b 001 0 eng
010 ## - LIBRARY OF CONGRESS CONTROL NUMBER
LC control number 2008049894
015 ## - NATIONAL BIBLIOGRAPHY NUMBER
National bibliography number GBA944581
Source bnb
016 7# - NATIONAL BIBLIOGRAPHIC AGENCY CONTROL NUMBER
Record control number 015174961
Source Uk
020 ## - INTERNATIONAL STANDARD BOOK NUMBER
International Standard Book Number 9780470116609 (cloth)
020 ## - INTERNATIONAL STANDARD BOOK NUMBER
International Standard Book Number 0470116609 (cloth)
035 ## - SYSTEM CONTROL NUMBER
System control number (OCoLC)ocn246887542
040 ## - CATALOGING SOURCE
Original cataloging agency DLC
Transcribing agency DLC
Modifying agency BTCTA
-- YDXCP
-- C#P
-- CDX
-- BWX
-- VP@
-- UKM
-- AGL
-- DLC
050 00 - LIBRARY OF CONGRESS CALL NUMBER
Classification number TJ163.2
Item number .N49 2009
082 00 - DEWEY DECIMAL CLASSIFICATION NUMBER
Classification number 333.79
Edition number 22
Author Mark NGO-O 2009
100 1# - MAIN ENTRY--PERSONAL NAME
Personal name Ngô, Christian.
245 10 - TITLE STATEMENT
Title Our energy future :
Remainder of title resources, alternatives, and the environment /
Statement of responsibility, etc. Christian Ngô, Joseph B. Natowitz.
260 ## - PUBLICATION, DISTRIBUTION, ETC.
Place of publication, distribution, etc. Hoboken, N.J. :
Name of publisher, distributor, etc. Wiley,
Date of publication, distribution, etc. c2009.
300 ## - PHYSICAL DESCRIPTION
Extent xvii, 484 p. :
Other physical details ill. ;
Dimensions 25 cm.
490 1# - SERIES STATEMENT
Series statement Wiley survival guides in engineering and science
502 ## - DISSERTATION NOTE
Dissertation note .
504 ## - BIBLIOGRAPHY, ETC. NOTE
Bibliography, etc. note Includes bibliographical references and index.
650 #0 - SUBJECT ADDED ENTRY--TOPICAL TERM
Topical term or geographic name entry element Power resources
General subdivision Forecasting.
650 #0 - SUBJECT ADDED ENTRY--TOPICAL TERM
Topical term or geographic name entry element Renewable energy sources.
650 #0 - SUBJECT ADDED ENTRY--TOPICAL TERM
Topical term or geographic name entry element Energy development
General subdivision Environmental aspects.
700 1# - ADDED ENTRY--PERSONAL NAME
Personal name Natowitz, J. B.
830 #0 - SERIES ADDED ENTRY--UNIFORM TITLE
Uniform title Wiley survival guides in engineering and science.
906 ## - LOCAL DATA ELEMENT F, LDF (RLIN)
a 7
b cbc
c orignew
d 1
e ecip
f 20
g y-gencatlg
942 ## - ADDED ENTRY ELEMENTS (KOHA)
Source of classification or shelving scheme
Koha item type Book
Holdings
Withdrawn status Lost status Source of classification or shelving scheme Damaged status Not for loan Collection code Permanent Location Current Location Shelving location Date acquired Source of acquisition Cost, normal purchase price Total Checkouts Full call number Barcode Date last seen Price effective from Koha item type
            US-Pakistan Center for Advanced Studies in Energy (USPCAS-E) US-Pakistan Center for Advanced Studies in Energy (USPCAS-E)   01/12/2016 Iqra 9954.00   333.79 NGO-O 2009 CAS-E0001152 01/12/2016 01/12/2016 Book
© 2023 Central Library, National University of Sciences and Technology. All Rights Reserved.